coney island - Taylor Swift (All Lyrics) - Statistics

General Stats
  • This quiz has been taken 1,132 times
  • The average score is 319 of 392
Answer Stats
Answer % Correct
I
100%
a
98%
A
98%
in
98%
In
98%
is
98%
my
98%
be
97%
Coney
97%
go
97%
Island
97%
on
97%
you
97%
where
96%
who
96%
Who
96%
Did
95%
did
95%
the
95%
The
95%
an
94%
baby
94%
bench
94%
I'm
94%
Wondering
94%
your
94%
And
93%
and
93%
for
93%
so
93%
me
92%
no
92%
to
92%
when
90%
When
90%
not
88%
sitting
88%
Then
88%
we
88%
it
87%
It
87%
But
84%
do
84%
Over
84%
over
84%
Sorry
84%
making
83%
were
83%
Were
83%
with
83%
With
83%
get
82%
was
82%
you're
82%
If
81%
if
81%
centerfold
80%
am
79%
close
78%
down
78%
goes
78%
before
77%
eyes
77%
here
77%
merry
77%
sun
77%
colder
76%
that
76%
again
75%
can't
75%
gets
75%
birthday
74%
happy
74%
Lost
74%
old
74%
shatter
74%
this
74%
too
74%
lights
73%
relate
73%
say
73%
bright
72%
name
72%
related
72%
something
72%
surprises
72%
around
71%
like
71%
one
71%
soul
71%
cake
70%
delicate
70%
face
70%
into
70%
leave
70%
right
70%
two
70%
big
69%
Break
69%
forgot
69%
long
69%
place
69%
fast
68%
internet
68%
there
68%
think
68%
darkest
67%
fist
67%
looking
67%
soon
67%
anymore
66%
at
66%
grey
66%
paint
66%
skies
66%
waiting
66%
got
65%
How'd
65%
mall
65%
of
65%
up
65%
bluest
64%
podium
64%
ring
64%
times
64%
arcade
63%
hallway
63%
miss
63%
Cause
62%
every
62%
flashed
62%
accident
61%
care
61%
winning
61%
day
60%
our
60%
standing
60%
By
59%
Disappointments
59%
left
59%
spot
59%
walked
59%
haul
58%
head
58%
polite
58%
sight
58%
What's
58%
single
57%
tree
57%
universe
57%
lifetime
56%
pushed
56%
question
56%
edge
55%
hanging
55%
line
55%
dreams
54%
pounds
54%
achievement
53%
paradise
53%
suburban
52%
Will
52%
gold
51%
away
48%
forgive
47%
trust
47%
gift
46%
wise
46%
clock
45%
mischief
43%
coaxed
42%
wrapped
42%
rogue
35%
No matching quizzes found
Score Distribution
Percent of People with Each Score
Percentile by Number Answered
Your Score History
You have not taken this quiz